000 00664nam a2200169Ia 4500
005 20250424120226.0
008 250424s9999 xx 000 0 und d
022 _a15315061
050 _aHF 5001 .B56/
245 0 _aBloomberg markets
260 _aNew york
260 _bmelia
260 _c2016
300 _aV. 164 p. ill: ; 27 cm.
650 _aInvestments--Periodicals. Securities--Periodicals. Bonds--Periodicals. Business--Periodicals. Bonds. Business. Investments. Securities. Inversiones--Publicaciones periódicas. Bonos--Publicaciones periódicas. Valores--Publicaciones periódicas. Negocios--Publicaciones Periódicas.
942 _cSR
999 _c38102
_d38102